<?xml version="1.0" encoding="UTF-8"?>
<record
    xmlns:xsi="http://www.w3.org/2001/XMLSchema-instance"
    xsi:schemaLocation="http://www.loc.gov/MARC21/slim http://www.loc.gov/standards/marcxml/schema/MARC21slim.xsd"
    xmlns="http://www.loc.gov/MARC21/slim">

  <leader>01498nam0a22002771  4500</leader>
  <controlfield tag="001">rc\3811130</controlfield>
  <controlfield tag="005">20250530060220.0</controlfield>
  <datafield tag="021" ind1=" " ind2=" ">
    <subfield code="a">RU</subfield>
    <subfield code="b">[76-79097]</subfield>
  </datafield>
  <datafield tag="035" ind1=" " ind2=" ">
    <subfield code="a">(NLR Aleph) 007261183</subfield>
  </datafield>
  <datafield tag="090" ind1=" " ind2=" ">
    <subfield code="a">5309383</subfield>
    <subfield code="c">5309383</subfield>
  </datafield>
  <datafield tag="100" ind1=" " ind2=" ">
    <subfield code="a">20120329d1976    |||y0rusy50      ca</subfield>
  </datafield>
  <datafield tag="101" ind1="0" ind2=" ">
    <subfield code="a">rus</subfield>
  </datafield>
  <datafield tag="102" ind1=" " ind2=" ">
    <subfield code="a">RU</subfield>
  </datafield>
  <datafield tag="105" ind1=" " ind2=" ">
    <subfield code="a">a   z   |||a|</subfield>
  </datafield>
  <datafield tag="200" ind1="1" ind2=" ">
    <subfield code="a">&#x413;&#x43E;&#x440;&#x43D;&#x44B;&#x439; &#x431;&#x443;&#x431;&#x435;&#x43D;</subfield>
    <subfield code="e">&#x421;&#x442;&#x438;&#x445;&#x43E;&#x442;&#x432;&#x43E;&#x440;&#x435;&#x43D;&#x438;&#x44F;</subfield>
    <subfield code="f">&#x411;&#x430;&#x438;&#x440; &#x414;&#x443;&#x433;&#x430;&#x440;&#x43E;&#x432;</subfield>
    <subfield code="g">[&#x425;&#x443;&#x434;&#x43E;&#x436;. &#x410;.&#x411;. &#x412;&#x43E;&#x43B;&#x43E;&#x448;&#x438;&#x43D;]</subfield>
  </datafield>
  <datafield tag="210" ind1=" " ind2=" ">
    <subfield code="a">&#x423;&#x43B;&#x430;&#x43D;-&#x423;&#x434;&#x44D;</subfield>
    <subfield code="c">&#x411;&#x443;&#x440;&#x44F;&#x442;. &#x43A;&#x43D;. &#x438;&#x437;&#x434;-&#x432;&#x43E;</subfield>
    <subfield code="d">1976</subfield>
  </datafield>
  <datafield tag="215" ind1=" " ind2=" ">
    <subfield code="a">95 &#x441;.</subfield>
    <subfield code="c">&#x438;&#x43B;.</subfield>
    <subfield code="d">16</subfield>
  </datafield>
  <datafield tag="327" ind1="0" ind2=" ">
    <subfield code="a">&#x426;&#x438;&#x43A;&#x43B;&#x44B;: &#x42D;&#x439;, &#x437;&#x435;&#x43C;&#x43B;&#x44F;, &#x443;&#x43F;&#x43B;&#x44B;&#x432;&#x430;&#x44E;&#x449;&#x430;&#x44F; &#x432; &#x441;&#x438;&#x43D;&#x435;&#x432;&#x443;...; &#x421;&#x430;&#x44F;&#x43D;&#x44B;, &#x421;&#x430;&#x44F;&#x43D;&#x44B;, &#x44F; &#x432;&#x430;&#x448;&#x430; &#x447;&#x430;&#x441;&#x442;&#x438;&#x446;&#x430;...; &#x417;&#x434;&#x435;&#x441;&#x44C; &#x43F;&#x438;&#x448;&#x443;&#x442;&#x441;&#x44F; &#x441;&#x442;&#x438;&#x445;&#x438;...; &#x412;&#x43E;&#x43B;&#x43D;&#x44B; &#x442;&#x440;&#x430;&#x432; &#x442;&#x435;&#x431;&#x44F; &#x43C;&#x43D;&#x435; &#x43D;&#x430;&#x432;&#x435;&#x432;&#x430;&#x43B;&#x438;...; &#x41B;&#x438;&#x446;&#x43E; &#x437;&#x430;&#x441;&#x442;&#x435;&#x43D;&#x447;&#x438;&#x432;&#x43E;&#x433;&#x43E; &#x43A;&#x430;&#x43C;&#x43D;&#x44F; &#x432;&#x434;&#x440;&#x443;&#x433; &#x443;&#x43B;&#x44B;&#x431;&#x43D;&#x443;&#x43B;&#x43E;&#x441;&#x44C;</subfield>
  </datafield>
  <datafield tag="464" ind1=" " ind2="0">
    <subfield code="1">2001#$a&#x42D;&#x439;, &#x437;&#x435;&#x43C;&#x43B;&#x44F;, &#x443;&#x43F;&#x43B;&#x44B;&#x432;&#x430;&#x44E;&#x449;&#x430;&#x44F; &#x432; &#x441;&#x438;&#x43D;&#x435;&#x432;&#x443;...$a&#x421;&#x430;&#x44F;&#x43D;&#x44B;, &#x421;&#x430;&#x44F;&#x43D;&#x44B;, &#x44F; &#x432;&#x430;&#x448;&#x430; &#x447;&#x430;&#x441;&#x442;&#x438;&#x446;&#x430;...$a&#x417;&#x434;&#x435;&#x441;&#x44C; &#x43F;&#x438;&#x448;&#x443;&#x442;&#x441;&#x44F; &#x441;&#x442;&#x438;&#x445;&#x438;...$a&#x412;&#x43E;&#x43B;&#x43D;&#x44B; &#x442;&#x440;&#x430;&#x432; &#x442;&#x435;&#x431;&#x44F; &#x43C;&#x43D;&#x435; &#x43D;&#x430;&#x432;&#x435;&#x432;&#x430;&#x43B;&#x438;...$a&#x41B;&#x438;&#x446;&#x43E; &#x437;&#x430;&#x441;&#x442;&#x435;&#x43D;&#x447;&#x438;&#x432;&#x43E;&#x433;&#x43E; &#x43A;&#x430;&#x43C;&#x43D;&#x44F; &#x432;&#x434;&#x440;&#x443;&#x433; &#x443;&#x43B;&#x44B;&#x431;&#x43D;&#x443;&#x43B;&#x43E;&#x441;&#x44C;</subfield>
    <subfield code="t">&#x41B;&#x438;&#x446;&#x43E; &#x437;&#x430;&#x441;&#x442;&#x435;&#x43D;&#x447;&#x438;&#x432;&#x43E;&#x433;&#x43E; &#x43A;&#x430;&#x43C;&#x43D;&#x44F; &#x432;&#x434;&#x440;&#x443;&#x433; &#x443;&#x43B;&#x44B;&#x431;&#x43D;&#x443;&#x43B;&#x43E;&#x441;&#x44C;</subfield>
  </datafield>
  <datafield tag="700" ind1=" " ind2="1">
    <subfield code="a">&#x414;&#x443;&#x433;&#x430;&#x440;&#x43E;&#x432;</subfield>
    <subfield code="b">&#x411;.&#x421;.</subfield>
    <subfield code="f">1947-</subfield>
    <subfield code="g">&#x411;&#x430;&#x438;&#x440; &#x421;&#x43E;&#x43D;&#x43E;&#x43C;&#x43E;&#x432;&#x438;&#x447;</subfield>
  </datafield>
  <datafield tag="702" ind1=" " ind2="1">
    <subfield code="a">&#x412;&#x43E;&#x43B;&#x43E;&#x448;&#x438;&#x43D;</subfield>
    <subfield code="b">&#x410;.&#x411;.</subfield>
    <subfield code="4">440</subfield>
  </datafield>
  <datafield tag="801" ind1=" " ind2="0">
    <subfield code="a">RU</subfield>
    <subfield code="b">NLR</subfield>
    <subfield code="g">psbo</subfield>
  </datafield>
  <datafield tag="801" ind1=" " ind2="1">
    <subfield code="a">RU</subfield>
    <subfield code="b">ELAR</subfield>
    <subfield code="2">rusmarc</subfield>
  </datafield>
  <datafield tag="852" ind1=" " ind2=" ">
    <subfield code="a">NLR</subfield>
    <subfield code="j">77-2/721</subfield>
  </datafield>
  <datafield tag="942" ind1=" " ind2=" ">
    <subfield code="c">BOOK</subfield>
  </datafield>
  <datafield tag="980" ind1=" " ind2=" ">
    <subfield code="a">NB</subfield>
  </datafield>
  <datafield tag="995" ind1=" " ind2=" ">
    <subfield code="5">2013-10-26</subfield>
    <subfield code="b">NLR01</subfield>
    <subfield code="c">NLR01</subfield>
    <subfield code="e">RF91</subfield>
    <subfield code="f">1-2346984</subfield>
    <subfield code="k">77-2/721</subfield>
    <subfield code="o">0</subfield>
    <subfield code="r">BOOK</subfield>
    <subfield code="s">772721_</subfield>
  </datafield>
</record>
